| 000 | 00725cam a22002293a 4500 | ||
|---|---|---|---|
| 001 | 23610 | ||
| 003 | PGUSA | ||
| 005 | 20140828083514.0 | ||
| 008 | 071124s2007||||xxu|||||s|||||000 | eng d | ||
| 040 |
_aPGUSA _beng |
||
| 042 | _adc | ||
| 050 | 4 | _aG | |
| 100 | 1 |
_aPrévost, abbé, _d1697-1763 |
|
| 245 | 1 | 0 |
_aVoyages du capitaine Robert Lade en differentes parties de l'Afrique, de l'Asie et de l'Amérique _h[electronic resource] / _cabbé Prévost |
| 260 |
_bProject Gutenberg, _c2007 |
||
| 506 | _aPublic domain in the USA. | ||
| 516 | _aElectronic text | ||
| 653 | _aVoyages, Imaginary -- Early works to 1800 | ||
| 830 | 0 |
_aProject Gutenberg _v23610 |
|
| 856 | 4 | 0 | _uhttp://www.gutenberg.org/ebooks/23610 |
| 942 | _cEB | ||
| 999 |
_c252865 _d252865 |
||